Detalles MARC
| 000 -CABECERA |
| campo de control de longitud fija |
01441nam a2200277 i 4500 |
| 003 - IDENTIFICADOR DEL NÚMERO DE CONTROL |
| campo de control |
DO-SdBNP |
| 005 - FECHA Y HORA DE LA ÚLTIMA TRANSACCIÓN |
| campo de control |
20240502181143.0 |
| 007 - CAMPO FIJO DE DESCRIPCIÓN FÍSICA--INFORMACIÓN GENERAL |
| campo de control de longitud fija |
ta |
| 008 - DATOS DE LONGITUD FIJA--INFORMACIÓN GENERAL |
| campo de control de longitud fija |
110413s1983 dr o 000 0 spa d |
| 040 ## - FUENTE DE LA CATALOGACIÓN |
| Centro catalogador/agencia de origen |
DO-SdBNP |
| Lengua de catalogación |
spa |
| Centro/agencia transcriptor |
BNPHU |
| Normas de descripción |
rda |
| 082 ## - NÚMERO DE LA CLASIFICACIÓN DECIMAL DEWEY |
| Número de clasificación |
320.97293 |
| Número de documento/Ítem |
C961 |
| Número de edición |
22 |
| 245 04 - MENCIÓN DE TÍTULO |
| Título |
Los 42 días del presidente Majluta / |
| 264 #1 - PRODUCCIÓN, PUBLICACIÓN, DISTRIBUCIÓN, FABRICACIÓN Y COPYRIGHT |
| Producción, publicación, distribución, fabricación y copyright |
Santo Domingo : |
| Nombre del de productor, editor, distribuidor, fabricante |
Tele 3, |
| Fecha de producción, publicación, distribución, fabricación o copyright |
[1983]. |
| 300 ## - DESCRIPCIÓN FÍSICA |
| Extensión |
[91] páginas |
| Otras características físicas |
fotografías |
| Dimensiones |
20 cm. |
| 336 ## - TIPO DE CONTENIDO |
| Fuente |
rdacontent |
| Término de tipo de contenido |
texto |
| Código de tipo de contenido |
txt |
| 337 ## - TIPO DE MEDIO |
| Fuente |
rdamedia |
| Nombre/término del tipo de medio |
sin mediación |
| Código del tipo de medio |
n |
| 338 ## - TIPO DE SOPORTE |
| Fuente |
rdacarrier |
| Nombre/término del tipo de soporte |
volumen |
| Código del tipo de soporte |
nc |
| 505 ## - NOTA DE CONTENIDO CON FORMATO |
| Título |
Introducción 9. -- |
| -- |
Los 42 días 15. -- |
| -- |
Jacobo Majluta, Residente de la República 17. -- |
| Información miscelánea |
Lo Primero: Garantizar Continuidad de la Democracia. -- |
| Título |
Asegurar la Transmisión de Mando 20. -- |
| -- |
El Apoyo al Presidente Majluta 28. -- |
| -- |
Los Primero Comentarios 28. -- |
| -- |
Mantuvo el pías en Marcha 31. -- |
| -- |
Enfrentó Cara a Cara los Problemas 39. -- |
| -- |
Atendió a cada cual 53. -- |
| -- |
...y Extranjeros 62. -- |
| -- |
Su Popularidad Aumentó 65. -- |
| -- |
Y 42 Días Después del 4 de julio 79 -- |
| -- |
Un presidente del pueblo. Por el pueblo.. Para el Pueblo 88. / |
| 590 ## - NOTA LOCAL (RLIN) |
| Nota local |
Inventariado, 2023/ YL |
| 600 #0 - PUNTO DE ACCESO ADICIONAL DE MATERIA--NOMBRE DE PERSONA |
| Nombre de persona |
Majluta Azar, Jacobo |
| Fechas asociadas al nombre |
1934-1996 |
| 9 (RLIN) |
7767 |
| 650 ## - PUNTO DE ACCESO ADICIONAL DE MATERIA--TÉRMINO DE MATERIA |
| Término de materia o nombre geográfico como elemento de entrada |
Política y gobierno |
| Subdivisión geográfica |
República Dominicana |
| 650 #0 - PUNTO DE ACCESO ADICIONAL DE MATERIA--TÉRMINO DE MATERIA |
| Término de materia o nombre geográfico como elemento de entrada |
Presidentes |
| 9 (RLIN) |
84055 |
| 653 ## - TÉRMINO DE INDIZACIÓN--NO CONTROLADO |
| Término no controlado |
Jacobo Majluta Azar -- Mandato presidencial: 4 de julio de 1982 – 16 de agosto de 1982 |
| 910 ## - DATOS DE OPCIÓN DEL USUARIO (OCLC) |
| Datos de opción del usuario |
YLockward |
| 942 ## - ELEMENTOS DE PUNTO DE ACCESO ADICIONAL (KOHA) |
| Fuente del sistema de clasificación o colocación |
Dewey Decimal Classification |
| Tipo de ítem Koha |
Libro |